000 00497nam a2200181Ia 4500
008 100920s9999 xx 000 0 und d
082 _b94447
_a24 न 05
100 _aपाटील विश्वास.
245 _aपानिपत.
260 _bराजहंस, पुणे.
_c2005
300 _a553
_bसाधी
365 _b225
520 _aसायो.
630 _aपानिपत.
650 _aसायो.
730 _aपानिपत.
942 _cBOOK
999 _c734890
_d734887